000 01315cam a2200397 a 4500
999 _c23918
_d23918
001 vtls010519130
005 20250922092609.0
008 240314s2013 xo gr 0 000 cze
020 _a9788081111464
_q(viaz.)
035 _a8A906953-CFCC-42FC-B2EB-784DF8994E95
035 _aurn:nbn:sk:snk-amjyqi
035 _aurn:nbn:sk:snk-am0084bq
040 _aSVKBB
_bslo
_cSVKBB
_aSNK
_eAACR2
041 1 _acze
_heng
044 _axo
_cSK
072 7 _a159.96
_xZvláštne duševné stavy a procesy
_2konspekt
080 _a159.963.38
_22001
080 _a(0.064)
_22001
080 _a(035)
_22001
100 1 _aLennox, Michael,
_d1963-
_4aut
_94781
240 1 0 _aDream Sight
_lČesky
245 1 0 _aŘeč snů
_bsnář s výkladovým průvodcem
_cMichael Lennox ; [z anglického originálu ... přeložila Ivana Sovišová]
250 _a1. vyd.
260 _aBratislava
_bNoxi
_c2013
300 _a365 s.
_c22 cm
650 0 7 _asny
_2SNKPH
_94782
650 0 7 _avýklad snov
_2SNKPH
_94783
650 0 7 _aDreams
_2SNKPHeng
_94784
650 0 7 _aDream interpretation
_2SNKPHeng
_94785
655 7 _apríručky
_2SNKPH
_91541
655 7 _aDream book
_2SNKPHeng
_94786
655 7 _asnáre
_2SNKPH
_94787
655 7 _aHandbooks, manuals, etc.
_2SNKPHeng
_91630
700 1 _aSovišová, Ivana
_4trl
_94788
958 _aOP